• 首页
  • 本馆介绍
  • 公告通知
  • 最新文献
  • 馆藏检索
  • 电子资源
  • 读者导购
  • 参考咨询
  • 我的图书馆
  • 登录
  • 详细信息显示
  • 放入我的书架
  • 预约/预借图书
  • 作者相关作品
  • 分类相关作品
  • 丛书相关作品
  • 出版社相关作品

书目信息

  • 表格格式
  • 工作单格式
  • 卡片格式
题名:
333教育综合应试解析
    
 
作者: 徐影 主编
分册:   教育学原理
出版信息: 北京   北京理工大学出版社有限责任公司  2020.01
页数: 130页
开本: 26cm
丛书名:
单 册:
中图分类: G40-44
科图分类:
主题词: 教育学--研究生--入学考试--题解
电子资源:
ISBN: 978-7-5682-8133-1
000 00968nam0 2200265 450
001 0120202971326
005 20201019155710.23
010    @a978-7-5682-8133-1@dCNY30.94,CNY92.80(全3册)
100    @a20200402d2020 em y0chiy50 ea
101 0  @achi
102    @aCN@b110000
105    @ay q 000yy
106    @ar
200 1  @a333教育综合应试解析@9333 jiao yu zong he ying shi jie xi@i教育学原理@b专著@f徐影主编
205    @a6版
210    @a北京@c北京理工大学出版社有限责任公司@d2020.01
215    @a130页@d26cm
300    @a教育硕士考研精品教程
330    @a本书是一本供备考教育学专硕考生使用的知识要点指导书。全书按考纲内容做了考点梳理,通过对知识的提炼总结,突出重点,方便考生在复习前期进行学习和书里,明确基础知识做好全面复习。本册为教育学原理。
333    @a研究生类教材
606 0  @a教育学@x研究生@x入学考试@j题解
690    @aG40-44@v5
701  0 @a徐影@9xu ying@4主编
801  0 @aCN@b人天书店@c20200402
905    @b1290911-14@dG40-44@e1091=6@f4
    
    333教育综合应试解析.教育学原理/徐影主编.-6版.-北京:北京理工大学出版社有限责任公司,2020.01
    130页;26cm
    教育硕士考研精品教程.-使用对象:研究生类教材
    
    ISBN 978-7-5682-8133-1:CNY30.94,CNY92.80(全3册)
    本书是一本供备考教育学专硕考生使用的知识要点指导书。全书按考纲内容做了考点梳理,通过对知识的提炼总结,突出重点,方便考生在复习前期进行学习和书里,明确基础知识做好全面复习。本册为教育学原理。
●
相关链接 在E读中查询图书 在五车中查询图书 在当当中查询图书 在豆瓣中查询图书


正题名:333教育综合应试解析     索取号:G40-44/1091=6         预约/预借

序号 登录号 条形码 馆藏地/架位号 状态 备注
1 1290911   212909110   第一样本阅览室/ [索取号:G40-44/1091=6] 在馆    
2 1290912   212909129   第四借阅区/ [索取号:G40-44/1091=6] 在馆    
3 1290913   212909138   第四借阅区/ [索取号:G40-44/1091=6] 在馆    
4 1290914   212909147   第四借阅区/ [索取号:G40-44/1091=6] 在馆    
唐山师范学院图书馆 欢迎您!
大连网信软件有限公司© 版权所有